[Event "St Petersburg-ch Seniors Blitz (Women)"]
[White "Gladisheva, Tatjana"]
[Black "Bakustina, Rimma"]
[Site "St Petersburg"]
[Round "4"]
[Result "1-0"]
[Date "2022.10.05"]
[WhiteElo "2125"]
[BlackElo "2139"]
[PlyCount "49"]
[EventDate "2022.10.05"]
[EventType "swiss (blitz)"]
[EventRounds "11"]
[EventCountry "RUS"]
[SourceTitle "CBM 210 Extra"]
[Source "ChessBase"]
[SourceDate "2022.11.30"]
[SourceVersion "1"]
[SourceVersionDate "2022.11.30"]
[SourceQuality "1"]

1. d4 d5 2. Nc3 Nf6 3. Bf4 e6 4. e3 c5 5. Nb5 Na6 6. Nf3 Be7 7. Be2 0-0 8. 0-0 Bd7 9. a4 Ne4 10. Ne5 Bxb5 11. Bxb5 Nc7 12. Be2 c4 13. f3 Nf6 14. g4 b5 15. Nc6 Qd7 16. Nxe7+ Qxe7 17. Qe1 bxa4 18. Rxa4 Qd7 19. Qa5 Nb5 20. Rb4 Nd6 21. Ra1 a6 22. Qc5 Nb5 23. Qb6 Rfc8 24. Rxa6 Rxa6 25. Qxa6 1-0

[Event "St Petersburg-ch Seniors Blitz (Women)"]
[White "Solomonova, Lidia"]
[Black "Bakustina, Rimma"]
[Site "St Petersburg"]
[Round "6"]
[Result "1-0"]
[Date "2022.10.05"]
[WhiteElo "2122"]
[BlackElo "2139"]
[PlyCount "34"]
[EventDate "2022.10.05"]
[EventType "swiss (blitz)"]
[EventRounds "11"]
[EventCountry "RUS"]
[SourceTitle "CBM 210 Extra"]
[Source "ChessBase"]
[SourceDate "2022.11.30"]
[SourceVersion "1"]
[SourceVersionDate "2022.11.30"]
[SourceQuality "1"]

1. e4 c5 2. c3 d5 3. exd5 Qxd5 4. d4 cxd4 5. cxd4 e5 6. Nf3 e4 7. Nc3 Bb4 8. Ne5 Bxc3+ 9. bxc3 Nf6 10. Bc4 Qa5 11. Bxf7+ Kf8 12. Qb3 Nc6 13. Ba3+ Ne7 14. Bc4 a6 15. 0-0 b5 16. Be6 Qc7 17. Bxc8 Qd8 1-0